Care of the ophthalmic patient : a guide for nurses and health professionals /

Bibliographic Details
Corporate Author: SpringerLink (Online service)
Other Authors: Perry, John P., 1951-, Tullo, Andrew B., 1951-
Format: eBook
Language:English
Published: London : Chapman and Hall, 1990.
Subjects:
Online Access:Connect to the full text of this electronic book

MARC

Tag First Indicator Second Indicator Subfields
LEADER 00000cam a2200000Mi 4500
001 in00003578747
006 m o d
007 cr |||||||||||
008 971027s1990 enk o 000 0 eng d
005 20260423141548.1
010 |a  89070860  
015 |a b8908394 
020 |a 9781489933782 (electronic bk.) 
020 |a 1489933786 (electronic bk.) 
020 |z 0412326302 
020 |z 9780412326301 
035 |a (OCoLC)855671574 
040 |a KIJ  |b eng  |c KIJ  |d OCLCQ  |d OCLCO  |d GW5XE  |d OCLCF  |d UtOrBLW 
049 |a TXAM 
050 4 |a RE88 
082 0 4 |a 610.73/677  |2 20 
245 0 0 |a Care of the ophthalmic patient :  |b a guide for nurses and health professionals /  |c edited by John P. Perry and Andrew B. Tullo. 
264 1 |a London :  |b Chapman and Hall,  |c 1990. 
300 |a 1 online resource (xii, 497 pages) :  |b (pbk) 
336 |a text  |b txt  |2 rdacontent 
337 |a computer  |b c  |2 rdamedia 
338 |a online resource  |b cr  |2 rdacarrier 
500 |a Electronic resource. 
650 0 |a Ophthalmic nursing. 
650 0 2 |a Ophthalmology. 
650 0 2 |a Nursing Care. 
650 0 2 |a Eye Diseases  |x nursing. 
650 7 |a Ophthalmic nursing.  |2 fast  |0 (OCoLC)fst01046493 
655 7 |a Electronic books.  |2 local 
700 1 |a Perry, John P.,  |d 1951- 
700 1 |a Tullo, Andrew B.,  |d 1951- 
710 2 |a SpringerLink (Online service) 
856 4 0 |u http://proxy.library.tamu.edu/login?url=https://link.springer.com/10.1007/978-1-4899-3378-2  |z Connect to the full text of this electronic book  |t 0 
994 |a 92  |b TXA 
999 |a MARS 
999 f f |s e672ddaf-2305-38a1-8dd8-b72c93f6a5a1  |i f8cc6801-d585-3069-9a3c-82503eaecffd  |t 0 
952 f f |a Texas A&M University  |b College Station  |c Electronic Resources  |s www_evans  |d Available Online  |t 0  |e RE88  |h Library of Congress classification 
998 f f |a RE88  |t 0  |l Available Online